Países da copa do mundo de 1930 - Statistics

Estatísticas Gerais
  • Esse quiz foi jogado 52 vezes
  • A pontuação média é 10 de 13
Estatísticas das Respostas
Grupo Lugar do ranking País % Correto
2 6 Brasil
98%
3 1 Uruguai
96%
4 3 Estados Unidos
92%
1 2 Argentina
90%
1 7 França
85%
1 5 Chile
83%
1 13 México
81%
2 12 Bolívia
75%
4 9 Paraguai
75%
2 4 Iugoslávia
69%
3 10 Peru
67%
4 11 Bélgica
60%
3 8 Romênia
50%
Nenhum quiz correspondente encontrado
Distribuição das Pontuações
Porcentagem de Pessoas com Cada Pontuação
Percentil de Números Respondidos
Sua Pontuação Histórica
Você não jogou esse quiz